| 000 | 00436nas a2200181 a 4500 | ||
|---|---|---|---|
| 001 | 160793 | ||
| 003 | 255725 | ||
| 005 | 20230614165732.0 | ||
| 008 | 180816e2018 ck ||||||||| 000 0 spa d | ||
| 040 |
_aCO-BoESAP _bspa _cCO-BoESAP |
||
| 041 | _aspa | ||
| 245 | 0 | _aSemana - No.1893 (12-19 agos. 2018) | |
| 260 |
_aBogotá : _c2018. |
||
| 562 | _e13 | ||
| 773 |
_016112 _aSemana |
||
| 942 |
_cSISS _2ddc |
||
| 999 |
_c160793 _d160793 |
||